| 000 | 00918nam a22002657a 4500 | ||
|---|---|---|---|
| 003 | AR-RoUNA | ||
| 005 | 20250225181306.0 | ||
| 008 | 250225b |||||||| |||| 00| 0 spa d | ||
| 020 | _a9780199543403 (UK English cover ed.) | ||
| 040 |
_aAR-RoUNA _bspa _dAR-RoUNA |
||
| 041 |
_aeng _hspa |
||
| 044 | _aag | ||
| 245 | 1 | 3 |
_aThe OXFORD Spanish dictionary : Spanish-English, English-Spanish = GRAN diccionario Oxford : español-ingles, ingles-español / _cdirección editorial Beatriz Galimberti Jarman ; Roy Russell |
| 250 | _a1a. ed. | ||
| 260 |
_aOxford : _bOxford University Press, _c2008 |
||
| 300 |
_a1977 p.: _c26x19 cm |
||
| 650 | 4 |
_aDicionarios _vEspañol - Ingles |
|
| 700 | 1 |
_a Rollin, Nicholas _eclb _926929 |
|
| 700 | 1 |
_aCarvajal, Carol Styles _926930 |
|
| 908 | _aImp | ||
| 930 | _e12151 | ||
| 942 |
_2ddc _cLIB |
||
| 945 |
_aMIA _d2025-02-25 |
||
| 980 |
_61 _aMaricel Allasia _81 _gMaricel Allasia |
||
| 999 |
_c11806 _d11806 |
||